Les personnages de Vikings par temps d'écran - Statistiques

Statistiques générales
  • Ce quiz a été pris 539 fois
  • Le résultat moyen est 8 sur 10
Statistiques - réponses
Temps Personnage % Correct
1088 min Ragnar
100%
1201 min Bjorn
97%
1062 min Ivar
96%
1039 min Lagertha
92%
994 min Floki
86%
1087 min Ubbe
86%
709 min Rollo
78%
1033 min Hvitserk
68%
658 min Harald
52%
876 min Torvi
35%
Aucun quiz correspondant
Distribution des résultats
% des personnes avec chaque résultat
Percentile par nombre de réponses
Votre historique - résultats
Vous n’avez pas pris ce quiz